00549 2200229 4500001002100000005001500021008004100036035002000077082000800097084001400105100002300119245005500142250000600197260003000203650001400233990001200247990001200259990001200271990001200283990001200295990001200307INLIS00000000000036320240503072530240503 0 ind  a0010-0424000339 a700 a700 ELY p aWidharta, Elyandra1 aPengetahuan Seni Rupa Amerika /cElyandra Widharta a1 aYogyakarta :bTaka,c2014 4aNon Fiksi a0722048 a0722049 a0722050 a0722051 a0728671 a0728672